000 01241nam a2200301 4500
001 0000021748
003 CO-CtgCURN
005 20250331185251.0
007 ta
008 160627s2009 000 0 eng d
020 _a9789586537681
040 _aCO-CtgCURN
_bspa
_ccoctgcurn
082 0 _a658.022
_bG943
110 1 _aLegis.
245 1 0 _aGuia Legis para la pequeña empresa 2009 /
_cLegis.
260 _aBogotá :
_bLegis,
_c2009.
300 _a260 p.
336 _2rdacontent
337 _2rdamedia
_asin mediacion
_bn
338 _2rdacarrier
_avolumen
_bnc
490 1 _aGuias empresariales
500 _aCuadro explicativos de los tipos de sociedades, incluida la nueva sociedades por acciones simplificada.
505 8 _aGeneralidades sobre la empresa.--Constitucion de empresas.--Establecimientos de comercio.--Obligaciones de los empresarios.--Obligaciones mercantiles de los empresarios.--LLevar la contabilidad de los negocios conforme a las exigencias legales.--Libros de contabilidad.--Estados finacieros
650 1 4 _aNuevas empresas
_xPreguntas y respuestas
_zColombia.
908 _a160627
942 _cBK
_h658.022
_iG943
_2ddc
999 _c24712
_d24712